000 00701nam a2200205Ia 4500
003 GCL
008 140319s9999 xx 000 0 ara d
040 _aGCL /
_cGCL
082 0 4 _a219.3
_bم د
100 1 _aمحمد عابد الجابرى
245 1 0 _aالدين والدولة وتطبيق الشريعة /
_cمحمد عابد الجابرى
260 _a[S.N] :
_bمركز دراسات الوحدة العربية ،
_c1996
300 _a210 ص
490 _aسلسلة الثقافة القومية
_v0
650 0 4 _aالشريعة الاسلامية
650 0 4 _aالطائفية
650 0 4 _aالتعصب الدينى
650 0 4 _aالاسلام والدولة
942 _2ddc
_cBK
999 _c52960
_d52960